Jean Paul sartre (Record no. 1044117)

MARC details
000 -LEADER
fixed length control field 00450nam a2200181Ia 4500
003 - CONTROL NUMBER IDENTIFIER
control field OSt
005 - DATE AND TIME OF LATEST TRANSACTION
control field 20260211111440.0
008 - FIXED-LENGTH DATA ELEMENTS--GENERAL INFORMATION
fixed length control field ORI
037 ## - SOURCE OF ACQUISITION
Terms of availability Textual
040 ## - CATALOGING SOURCE
Original cataloging agency CRL
Transcribing agency CRL
Language of cataloging ORI
041 ## - LANGUAGE CODE
Source of code ORI
Language code of text/sound track or separate title ORI
084 ## - COLON CLASSIFICATION NUMBER
Classification number O1591,3NMOw, L3
Assigning agency CRL
100 ## - MAIN ENTRY--PERSONAL NAME
Personal name Mahanty Sharat Kumar
9 (RLIN) 631885
245 #0 - TITLE STATEMENT
Title Jean Paul sartre
260 ## - PUBLICATION, DISTRIBUTION, ETC.
Date of publication, distribution, etc. 1973
942 ## - ADDED ENTRY ELEMENTS (KOHA)
Classification part O1591,3NMOw, L3
Koha item type Textbook
Source of classification or shelving scheme
Suppress in OPAC No
Holdings
Withdrawn status Lost status Source of classification or shelving scheme Damaged status Not for loan Home library Current library Date acquired Total Checkouts Full call number Barcode Date last seen Price effective from Koha item type
    Colon Classification (CC)     Central Library Central Library 2022-10-05   O1591,3NMOw L3 AL0357727 2022-10-05 2022-10-05 Textbook
Copyright @ Delhi University Library System